000
00209 a2200097 4500
001
46155
100
_a
Bates H E
245
_a
Reader's Digest Omnibus
260
_a
_b
Andre Deutsch
_c
090
_c
29259
_d
29259
942
_a
NUST-CAE
_c
M
_c
21401
999
_c
281228
_d
281228